000 01254nam a2200409 a 4500
003 AR-BaBNM
005 20251128203508.0
008 082120s2002 ||||||||||||||000 | spa||
020 _a84-306-9795-0
040 _cAR-BaBNM
245 0 0 _aHistoria de la vida privada
_bla comunidad, el Estado y la familia en los siglos XVI-XVIII. 6
250 _a1ª ed.
260 _aMadrid
_bTaurus
_c1992
300 _a231 p.
_bil.
500 _aContiene referencias bibliográficas en p. 223
500 _aIndice onomástico en p. 229
500 _aIndice temático en p. 230
650 4 _aSOCIOLOGIA CULTURAL
650 4 _aRELIGION
650 4 _aANTROPOLOGIA CULTURAL Y SOCIAL
650 4 _aVIDA SOCIAL
650 4 _aVIDA COTIDIANA
650 4 _aCOSTUMBRES Y TRADICIONES
650 4 _aVIDA FAMILIAR
650 4 _aMEDIO FAMILIAR
650 4 _aCOMUNIDADES
653 _aFORMAS DE GOBIERNO
700 1 _aAriès, Philippe
_edirector
700 1 _aDuby, Georges
_edirector
700 1 _aChartier, Roger
_edirector
700 1 _aMartín Montero, María Concepción
_etraductor
700 1 _aCastan, Nicole
_ecolaborador
700 1 _aAymard, Maurice
_ecolaborador
700 1 _aFabre, Daniel
_ecolaborador
942 _cBK
998 _cMARTIN
999 _c3650
_d3650